Statistics for Safest Countries For Gay People

Click here to take the quiz!

General Stats

  • This quiz has been taken 1,621 times
  • The average score is 16 of 21

Answer Stats

RankCountryScore% Correct
1Canada12
93%
1Sweden12
92%
18Norway6
91%
5United Kingdom9
91%
10Germany8
89%
18Finland6
88%
5Spain9
88%
5Netherlands9
87%
10Denmark8
86%
18Australia6
83%
15Belgium7
82%
10Iceland8
81%
15Switzerland7
81%
10Portugal8
78%
10New Zealand8
77%
4Austria11
76%
18Luxembourg6
71%
5Argentina9
48%
1Malta12
46%
5Uruguay9
33%
15Colombia7
28%

Score Distribution

Percentile by Number Answered

Percent of People with Each Score

Your Score History

You have not taken this quiz